000 00692nam a2200217Ia 4500
005 20260601193223.0
008 260601s9999||||xx |||||||||||||| ||und||
020 _a978-3-031-48751-4
_qebk
100 _aNicholas Olenev
245 0 _aAdvances in Optimization and Applications
250 _a1st ed. 2024
260 _aHeidelberg, Germany
_bSpringer Nature
_c2024
440 _aCommunications in Computer and Information Science
650 _aComputer Science
700 _aMichael Khachay
700 _aMilojica Ja?imovi?
700 _aVlasta Malkova
700 _aYuri Evtushenko
856 _uhttps://link.springer.com/openurl?genre=book&isbn=978-3-031-48751-4
942 _cEB
_2ddc
999 _c55877
_d55877